Elektronická štátna správa (E-Government)

Elektronická štátna správa predstavuje transformáciu existujúcich poskytovaných verejných služieb na služby rovnakého charakteru dostupné prostredníctvom internetu. Motiváciou takéhoto konania je dosiahnuť finančné úspory v spoločnosti, tak na strane občanov ako i štátnej správy. Výhody elektronicke...

Descripción completa

Guardado en:
Detalles Bibliográficos
Autor principal: Čambal, Martin
Otros Autores: Napolitano, Barbara
Formato: Capítulo de libro
Lenguaje:eslovaco
Materias:
Etiquetas: Agregar Etiqueta
Sin Etiquetas, Sea el primero en etiquetar este registro!

MARC

LEADER 00000nla$a2200000$$$4500
001 0073973
005 20240502083211.1
041 0 |a slo 
044 |a CZ 
245 1 0 |a Elektronická štátna správa (E-Government)  |c Martin Čambal, Barbara Napolitano 
520 |a Elektronická štátna správa predstavuje transformáciu existujúcich poskytovaných verejných služieb na služby rovnakého charakteru dostupné prostredníctvom internetu. Motiváciou takéhoto konania je dosiahnuť finančné úspory v spoločnosti, tak na strane občanov ako i štátnej správy. Výhody elektronickej verejnej správy, bariéry používania, členenie elektronickej štátnej správy, návratnosť investície, architektúra elektronickej štátnej správy. 
610 2 0 |a správa štátna 
610 2 0 |a správa verejná 
610 2 0 |a správa verejná elektronická 
610 2 0 |a občania 
610 2 0 |a úspory finančné 
100 1 |a Čambal, Martin 
700 1 |a Napolitano, Barbara